|
|
|
|
| LEADER |
01166nam a2200277 u 4500 |
| 001 |
10027079 |
| 003 |
upatras |
| 005 |
20210117205958.0 |
| 008 |
960301s1978 ge eng |
| 020 |
|
|
|a 3540087591
|q (Χαρτόδ. μαλακό)
|
| 040 |
|
|
|a GR-PaULI
|c GR-PaULI
|
| 041 |
0 |
|
|a eng
|
| 245 |
1 |
0 |
|a Nonlinear partial differential equations and applications
|b Proceedings of a Special Seminar, Held at Indiana University, 1976-1977
|c Edited by J. M. Chadam
|
| 260 |
|
|
|a Berlin
|b Springer Verlag
|c 1978
|
| 300 |
|
|
|a 206 p.
|c 24 cm
|
| 490 |
0 |
|
|a Lecture notes in mathematics
|v 648
|
| 505 |
1 |
|
|a Includes references
|
| 650 |
|
4 |
|9 13
|a Μαθηματική φυσική
|
| 650 |
|
4 |
|9 671
|a Εξισώσεις, Μη γραμμικές διαφορικές
|
| 650 |
|
4 |
|9 130
|a Εξισώσεις, Διαφορικές
|
| 700 |
1 |
|
|a Chadam, J. M.
|9 152886
|
| 760 |
1 |
|
|a Lecture notes in mathematics
|g 648
|
| 852 |
|
|
|a GR-PaULI
|b ΠΑΤΡΑ
|b ΦΥΣΙΚΟ
|k ΑΕΧ-1
|h 51.7 CHA
|m 01410
|t 1
|
| 942 |
|
|
|2 ddc
|c BK15
|
| 952 |
|
|
|0 0
|1 0
|4 0
|6 51_700000000000000_CHA
|7 0
|9 197478
|a PHYS
|b PHYS
|d 2016-04-24
|i 01410
|l 0
|o 51.7 CHA
|r 2016-04-24 00:00:00
|t 1
|w 2016-04-24
|y BK15
|
| 999 |
|
|
|c 121270
|d 121270
|